00929cam a22002531 4500001001300000003000400013005001700017008004100034010001700075035001900092040004700111042001200158050002200170100004800192245005900240260004800299300008400347490007100431500005100502504002600553650003100579830004800610999001700658gs 15000994 DLC20260227111319.0761008s1914 oncabf b 000 0 eng c ags 15000994  a(OCoLC)2490661 aU.S. Geol. LibrarycOGraDdOCoLCdMCMdDLC apremarc00aQE185b.A2 no. 511 aClapp, C. H.q(Charles Horace),d1883-1935.00aGeology of the Nanaimo map-area,cby Charles H. Clapp. aOttawa,bGovernment Printing Bureau,c1914. avii, 135 p.billus., XIII pl. (incl. front.) 4 maps (in pocket) diagrs.c25 cm.1 aCanada. Geological Survey. Memoir 51. Geological series ;vno. 43 aAt head of title: Canada. Department of Mines. aBibliography: p. 7-9. 0aGeologyzBritish Columbia. 0aMemoir (Geological Survey of Canada) ;v51. c25615d25615